Art now : the new directory to 136 international contemporary artists = Der neue Wegweiser zu 136 internationalen zeitgenossischen Kunstlern = le nouveau panorama de l'art contemporain a travers 136 artistes internationaux

Αποθηκεύτηκε σε:
Λεπτομέρειες βιβλιογραφικής εγγραφής
Άλλοι συγγραφείς: Grosenick, Uta (Επιμελητής έκδοσης)
Μορφή: Βιβλίο
Γλώσσα:English
German
French
Δημοσίευση: Köln : Taschen, c2005.
Θέματα:
Ετικέτες: Προσθήκη ετικέτας
Δεν υπάρχουν, Καταχωρήστε ετικέτα πρώτοι!

MARC

LEADER 00000cam a2200000 i 4500
001 1/89146
008 080618s2005 gw | ||| |||| ||eng||
020 |a 3822839965 
035 |l 10098292 
040 |a GR-MyUa  |b gre  |e AACR2 
041 0 |a eng  |a ger  |a fre 
082 7 |a 700.922   |2 (22) 
245 0 0 |a Art now :   |b the new directory to 136 international contemporary artists = Der neue Wegweiser zu 136 internationalen zeitgenossischen Kunstlern = le nouveau panorama de l'art contemporain a travers 136 artistes internationaux /   |c edited by Uta Grosenick. 
260 |a Köln :   |b Taschen,   |c c2005. 
300 |a 604 σ. :   |b εικ. (μερικές έγχρ.) ;   |c 26 εκ. 
500 |a "Art now Vol 2 is a volume to follow Art at the turn of the millennium (1999), and Art now (2000)". - Πρόλογος. 
500 |a "Including illustrated appendix with price guide". - Σελίδα τίτλου. 
504 |a Βιβλιογραφία: σ. 570-571. 
650 0 |a Art movements  |x History  |y 20th century. 
650 0 |a Artists  |x Biography. 
700 1 |a Grosenick, Uta,  |e edt 
852 |a INST  |b SYROS  |e 20080618  |h 700.922 ART  |p 005500005788  |q 005500005788  |t BK  |v τομ.2:  |y 0 
901 |a BIBL5-2008-2 
922 |a 5ΕΛΗ  |b 200801  |c ΕΠΕΑΕΚ2/ΤΜΣΠΣ  |d Ελευθερουδάκης 
970 |a Καγιαβά  |b Ειρήνη  |z 18/06/2008